| 000 | 01348nam a2200325 c 4500 | ||
|---|---|---|---|
| 003 | BLK | ||
| 005 | 20221214105715.0 | ||
| 008 | 180413b bul|||||r ||||||| ||bul|| | ||
| 010 | _aKNG00019848000 | ||
| 020 |
_a954-04-0118-6 _bиздат.: Нар. култура |
||
| 040 | _aBLK | ||
| 041 |
_aBUL _cBUL |
||
| 080 |
_aНемска литература _b821.112.2 _x-31 _z821.112.2-31 |
||
| 080 |
_aБългарска литература _b821.163.2 _x-054.7-31 _z821.163.2-054.7-31 |
||
| 100 | 1 |
_aТроянов, Илия Маринов _eпърви автор _9262366 |
|
| 700 | 1 |
_aФъркова, Гергана Иванова _9262367 |
|
| 139 |
_aТроянов, Илия Маринов _bТ 86 |
||
| 245 | 1 | 0 |
_aСветът е голям и спасение дебне отвсякъде _bРоман _cИлия Маринов Троянов; прев. от нем. Гергана Иванова Фъркова. |
| 257 | _aDEU | ||
| 260 |
_аСофия _bНар. култура _c1997 |
||
| 300 |
_a223 с. _c20 см |
||
| 380 | _aX | ||
| 500 | _aОриг. загл. Die Welt ist gross und Rettung lauert uberall / Ilija Trojanov. | ||
| 653 | _aромани | ||
| 852 | _aЦб 195217 | ||
| 856 | 4 |
_qpdf _u |
|
| 856 | 4 |
_qpdf _u |
|
| 942 |
_cKNG _n0 _01 |
||
| 944 |
_aCR _c03.02.2003 _kЛюдмила_Стоянова |
||
| 944 |
_aED _c14.12.2009 _k |
||
| 999 |
_c17842 _d17842 |
||